Classifica marcatori Serie A 2024-2025 - Statistics

Statistiche generali
  • Questo quiz è stato fatto 89 volte
  • Il punteggio medio è 18 su 25
Statistiche sulle risposte
Numero Squadra Numero di Gol Risposta % Corretto
2 Fiorentina 19 Moise Kean
99%
8 Inter 12 Lautaro Martinez
97%
6 Inter 14 Marcus Thuram
96%
1 Atalanta 25 Mateo Retegui
95%
4 Bologna 15 Riccardo Orsolini
95%
5 Napoli 14 Romelu Lukaku
95%
21 Milan 8 Rafael Leao
88%
11 Milan 11 Christian Pulisic
87%
16 Juventus 10 Dusan Vlahovic
87%
3 Atalanta 15 Ademola Lookman
86%
7 Napoli 12 Scott McTominay
82%
25 Bologna 8 Santiago Castro
78%
15 Lazio 10 Valentin Castellanos
76%
9 Udinese 12 Lorenzo Lucca
72%
24 Lazio 8 Mattia Zaccagni
72%
10 Roma 12 Artem Dovbyk
68%
12 Lecce 11 Nikola Krstovic
66%
19 Torino 9 Chè Adams
54%
18 Lazio 10 Pedro
53%
13 Milan 10 Tijjani Reijnders
49%
20 Lazio 9 Boulaye Dia
46%
17 Cagliari 10 Roberto Piccoli
43%
14 Genoa 10 Andrea Pinamonti
42%
22 Udinese 8 Florian Thauvin
38%
23 Bologna 8 Dan Ndoye
30%
Nessun quiz corrispondente trovato
Distribuzione punteggi
Percentuale di utenti per punteggio
Percentile per numero di risposta
I tuoi punteggi nel tempo
Non hai fatto questo quiz